'A' Missing Letter Movie Match Quiz Stats

Quiz Updated Dec 18, 2012

Also try: Movie Title Mix
Challenge
Share
Tweet
Score 0/22 Timer 04:00
5 Plays Today
% Correct
A R _ _
92.8%
A N _ _
92.1%
A _ V E _ _ U R _ L _ N D
91.6%
A _ A _ A _
88.4%
A _ _ I E
88.4%
_ R _ A G _ D _ O N
87.9%
_ L A _ D _ N
86.6%
A _ N _ E
86.2%
A _ I _ _ S
82.9%
_ S _ A S _ I N _
82.2%
_ P O _ A _ Y P _ O
82.1%
% Correct
_ M A _ _ U S
80.8%
A N _ S T _ _ I _
79%
A N _ C _ _ D _
78.9%
A _ T _ U _
78.3%
A _ E _ A _ D _ R
76.9%
_ M I _ _ A _
73.4%
_ D A _ _ A T _ _ N
72.9%
_ I R _ L _ _ E
69.4%
_ T _ N _ M E _ _
69.2%
_ C _ E P _ _ D
69.1%
A _ S T _ _ L I _
69.1%

You're not logged in!

Compare scores with friends on all Sporcle quizzes.
Sign Up with Email
OR
Log In

You Might Also Like...

Show Comments

Extras

Top Quizzes Today


Score Distribution

Your Account Isn't Verified!

In order to create a playlist on Sporcle, you need to verify the email address you used during registration. Go to your Sporcle Settings to finish the process.